[Event "Colombia Tierra de Atletas-B 2020"]
[Site "Medellin"]
[Date "2020.12.16"]
[Round "9.2"]
[White "Mateus, Alejandro"]
[Black "Pazos Gambarrotti, Plinio"]
[Result "1-0"]
[WhiteElo "2353"]
[BlackElo "2109"]
[Annotator "TA"]
[PlyCount "141"]
[EventDate "2020.12.10"]
[EventType "tourn"]
[EventCountry "COL"]
[SourceTitle "playchess.com"]
[Source "ChessBase"]
[SourceQuality "1"]

{[%evp 20,141,23,0,0,2,30,22,32,46,35,42,63,75,83,50,82,66,109,108,108,0,0,0,14,23,91,76,162,160,155,135,157,154,151,146,252,247,227,187,199,186,195,192,186,196,192,179,156,145,154,155,161,151,177,166,170,170,169,175,182,193,179,147,215,213,211,202,204,200,173,179,144,80,140,156,195,183,281,139,143,160,203,101,116,143,110,108,312,300,648,647,633,620,1170,1111,2156,1898,1472,1211,862,688,669,640,609,612,2091,2012,1427,1007,29984,29985,29985,29986,29986,29987,29987,29988,29988,29989,29989,29989,29989,29990]} 1. e4 c5 2. Nf3 Nc6 3. c3 e6 4. d4 d5 5. exd5 exd5 6. Be2 Bd6 7. dxc5 Bxc5 8. O-O Nge7 9. Nbd2 O-O 10. Nb3 Bb6 11. Bf4 Bf5 {B22: Sicilian: 2 c3.} 12. Qd2 Qd7 13. a4 {[%cal Ba2a4,Ba4a5][%mdl 32] [#]} a6 $146 {The position is equal.} ({Predecessor:} 13... Rad8 14. a5 Bc7 15. Bxc7 Qxc7 16. Nfd4 Be4 17. Rfe1 Rfe8 18. a6 b6 19. Bb5 Rf8 {½-½ (36) Akhsharumova,A (2220)-Belavenets,L Tbilisi 1976}) 14. a5 Ba7 15. Be3 Bb8 16. Rfe1 Be4 17. g3 Nf5 18. Bc5 Re8 19. Ng5 $1 Nd6 20. f3 (20. Rad1 $16) 20... Bf5 $11 21. Qxd5 {With the idea Bd3.} h6 22. Ne4 {[%cal Re4d6]} Nxe4 (22... Re5 $11 23. Qd1 Nxe4 24. fxe4 Qxd1 25. Bxd1 Bxe4) 23. fxe4 $16 Rxe4 (23... Ne5 $16 {was worth a try.}) 24. Qxd7 $18 Bxd7 25. Bf3 $36 {[%mdl 2048] White is in control.} Rxe1+ 26. Rxe1 Bc7 {[#]} 27. Bb6 $1 {[%cal Rb6c7]} Rc8 {[#]} (27... Bd6 $16 28. Rd1 Be6) 28. Nc5 $1 {[%cal Rc5d7]} Bf5 29. Nxb7 Ne5 30. Bd5 Be6 31. Bxe6 fxe6 32. Kg2 Nd7 33. Bxc7 Rxc7 {[%mdl 4096] Endgame KRN-KRN} 34. Nd6 Rc5 35. Rxe6 Rxa5 36. Re7 Nf6 37. Kf3 Rd5 38. Nc4 Rf5+ 39. Ke2 Rh5 40. h4 g5 41. Re6 Kf7 (41... Kg7 $16) 42. Rxa6 {Hoping for Nd6+.} gxh4 43. gxh4 Rxh4 44. Ne5+ Kg7 {And now ...Re4+ would win.} 45. Ra7+ Kg8 {Threatening ...Re4+.} 46. Nf3 ({White should play} 46. Kd3) 46... Rh1 (46... Rg4 $142) 47. c4 $16 Rb1 48. Rb7 Ne4 (48... h5 $142 49. b4 Kf8) 49. Ke3 (49. Nd2 $18 {is more deadly.} Ng3+ 50. Kf3) 49... Nd6 50. Rb8+ Kf7 51. Nd2 (51. c5 $18 {has better winning chances.} Ne8 52. Ne5+ Ke7 53. b4) 51... Re1+ 52. Kd3 Nf5 53. c5 Ke7 $2 {This move loses the game for Black.} (53... h5 $16) 54. b4 $18 {[%cal Bb2b4,Bb4b5][%mdl 32]} Kd7 $2 (54... Re3+ 55. Kc4 Rh3) 55. b5 Ne7 56. Nb3 Kc7 57. Rh8 Rh1 58. Rh7 Kd8 59. Nd4 Rd1+ 60. Kc4 Rc1+ 61. Kb3 {Cut Off at move 61} Nd5 62. c6 {Rd7+ is the strong threat.} Nc7 {and the idea ...Nxb5 leaves Black hopeful.} 63. Rxh6 Rb1+ 64. Kc2 Rxb5 65. Nxb5 {White mates.} Nxb5 {KR-KN} 66. Kd3 Kc7 67. Kc4 Nd6+ 68. Kd5 Nb5 69. Kc5 Nc3 70. Rh7+ Kc8 71. Re7 {Weighted Error Value: White=0.18/Black=0.32} 1-0

[Event "Colombia Tierra de Atletas-B 2020"]
[Site "Medellin"]
[Date "2020.12.16"]
[Round "9.3"]
[White "Palencia Morales, Wilson Guillermo"]
[Black "Argote Heredia, Valentina"]
[Result "1-0"]
[WhiteElo "2340"]
[BlackElo "2150"]
[Annotator "TA"]
[PlyCount "67"]
[EventDate "2020.12.10"]
[EventType "tourn"]
[EventCountry "COL"]
[SourceTitle "playchess.com"]
[Source "ChessBase"]
[SourceQuality "1"]

{[%evp 16,67,16,25,25,18,28,18,9,8,5,6,44,29,16,18,24,8,24,0,41,39,68,66,114,100,127,114,88,96,136,106,213,221,397,382,373,236,539,533,491,320,343,0,566,559,557,551,1070,1273,1227,1164,29988,29989]} 1. e4 c5 2. Nf3 d6 3. d4 cxd4 4. Nxd4 Nf6 5. Nc3 a6 6. Bg5 e6 7. f4 h6 8. Bh4 Qb6 9. a3 Be7 {B96: Sicilian Najdorf: 6 Bg5 e6 7 f4, lines other than 7...Qb6 and 7...Be7.} (9... Qxb2 $2 10. Na4 $18) 10. Bf2 {aiming for Nxe6!} Qc7 11. Qf3 Nbd7 {The position is equal.} 12. O-O-O b5 13. g4 Bb7 14. h4 $1 {[%mdl 4] And now g5 would win. is more profitable than 14.Bg2 at the moment.} Nc5 {[%cal Rc5e4]} 15. Bd3 d5 {[%cal Rd5e4]} 16. e5 Nfe4 17. Be1 {[#]} g6 $146 ({Predecessor:} 17... O-O-O 18. Kb1 Kb8 19. Qe3 h5 20. g5 g6 21. Bxe4 Nxe4 22. Nxe4 dxe4 23. Bb4 Bd5 24. Bxe7 Qxe7 {1-0 (45) Wei,Y (2737)-Lu,S (2619) Changsha 2019}) 18. Be2 Rc8 19. Kb1 Nd7 20. Rf1 Rf8 21. Nxe4 dxe4 22. Qe3 Bd5 23. f5 g5 ({But not} 23... Qxe5 24. Bc3) (23... Nxe5 $16 24. Qxh6 Nf3) 24. hxg5 $18 Bxg5 $2 {[#]} (24... hxg5 25. Bc3 Nxe5) 25. Qh3 $1 Qxe5 26. Bb4 {Strongly threatening fxe6.} Nc5 $2 (26... Be7 {is tougher.} 27. Bxe7 (27. Qxh6 Rh8 $16) 27... Kxe7) 27. fxe6 Bxe6 28. Nf5 Rc6 29. Nd4 $2 ({White should try} 29. Qh5 $18 {Black must now prevent Bc3.} Bd7 30. c3) 29... Rc7 $2 {[%mdl 8192]} (29... Rc8 $1 $11 {and Black is okay.}) 30. Nxe6 Qxe6 31. Qg3 Qc6 32. Rd6 Qb7 33. Qe5+ {[%mdl 64] [#] Double Attack} Ne6 34. Rxe6+ {[%mdl 64] Pin, Discovered Attack.  Weighted Error Value: White=0.23/Black=0.86} 1-0

[Event "Colombia Tierra de Atletas-B 2020"]
[Site "Medellin"]
[Date "2020.12.16"]
[Round "9.4"]
[White "Malka, Samuel"]
[Black "Hernandez Sanchez, Jairo Andres"]
[Result "1/2-1/2"]
[WhiteElo "2203"]
[BlackElo "2394"]
[Annotator "TA"]
[PlyCount "117"]
[EventDate "2020.12.10"]
[EventType "tourn"]
[EventCountry "COL"]
[SourceTitle "playchess.com"]
[Source "ChessBase"]
[SourceQuality "1"]

{[%evp 15,117,33,48,27,33,39,46,27,29,35,67,54,59,42,39,13,13,18,16,20,31,24,28,42,29,22,42,45,74,58,54,54,52,25,24,44,37,40,37,34,36,0,0,0,0,0,41,0,0,0,0,-9,-15,-28,-21,-20,0,0,0,0,0,0,0,0,0,-27,-27,-27,-27,-28,-13,-9,-11,-12,-12,-18,-10,-24,-27,-27,-39,-52,-26,-26,-16,-16,0,-28,-8,-12,-8,-9,-8,-8,0,-8,-12,-71,0,-8,0,0,0,-8]} 1. d4 Nf6 2. c4 g6 3. Nc3 Bg7 4. e4 d6 5. Bd3 e5 6. d5 O-O 7. Nge2 c6 8. O-O Na6 9. a3 {E70: King's Indian: Miscellaneous lines with 4 e4, including 5 Nge2 and 5 Bd3 0-0 6 Nge2.} Nc5 10. Bc2 a5 11. f3 {White is slightly better.} cxd5 12. cxd5 Qb6 13. Be3 Bd7 14. b3 Rfc8 15. Rb1 Bh6 16. Bf2 {[#]} Qc7 $146 ({Predecessor:} 16... Qd8 17. b4 axb4 18. axb4 Na6 19. Bd3 Nh5 20. Qb3 Nf4 21. Nxf4 Bxf4 22. Nb5 {½-½ (22) Temirbayev,S (2461)-Peng,X (2574) Singapore 1995}) 17. b4 axb4 18. axb4 Na6 19. Bd3 Nh5 20. g3 f5 21. exf5 gxf5 22. Nb5 (22. f4 $5 {[%cal Rf4e5]}) 22... Bxb5 23. Bxb5 Nf6 24. Rb3 Qf7 25. Bd3 Nxd5 {[#]} 26. Bxf5 $1 {[%mdl 512]} Qxf5 27. Qxd5+ {[%mdl 64] Double Attack} Qf7 28. Rd1 {Threatens to win with Qxf7+.} Qxd5 29. Rxd5 Rc2 30. Nc3 ({Wrong is} 30. Rxd6 $2 Bf8 $19) 30... Bf8 31. Ne4 Nc7 32. Ra5 Ra6 33. Rxa6 bxa6 34. Rd3 Rc6 35. Nf6+ Kf7 36. Nxh7 Be7 {Strongly threatening ...Kg7.} 37. h4 Kg6 38. Ng5 $1 Bxg5 39. hxg5 Kxg5 $11 {[%mdl 4096] Endgame KRB-KRN} 40. f4+ exf4 41. gxf4+ Kf5 42. Kg2 Nb5 43. Kf3 Rc4 44. Rd5+ Ke6 45. Rh5 Rxb4 46. f5+ Kd5 47. Be1 Nd4+ 48. Kg4 Rc4 {...Nc2+ is the strong threat.} (48... Rb1 $5 {[%cal Rb1e1]} 49. Bf2 Nc6 $17) 49. Bf2 Nc6+ 50. Kg5 Ne5 51. Rh7 Rg4+ 52. Kf6 a5 53. Ra7 Nc6 54. Ra8 a4 55. Be1 Kc5 56. Bf2+ {[#]} (56. Bd2 $11) 56... Kd5 (56... Kb5 $1 $17 {And now ...d5 would win.} 57. Ke6 Re4+ 58. Kxd6 Rf4 {[%mdl 64] Double Attack}) 57. Be1 {The position is equal.} Rc4 58. Bg3 Rg4 59. Be1 {Weighted Error Value: White=0.09/Black=0.08} 1/2-1/2

[Event "Colombia Tierra de Atletas-B 2020"]
[Site "Medellin"]
[Date "2020.12.16"]
[Round "9.5"]
[White "Morales, Jhon Alexander"]
[Black "Soto, Miguel Angel"]
[Result "0-1"]
[WhiteElo "2400"]
[BlackElo "2273"]
[Annotator "TA"]
[PlyCount "84"]
[EventDate "2020.12.10"]
[EventType "tourn"]
[EventCountry "COL"]
[SourceTitle "playchess.com"]
[Source "ChessBase"]
[SourceQuality "1"]

{[%evp 16,84,37,23,25,29,27,25,15,15,38,0,22,-25,0,-19,18,17,30,28,28,-94,-93,-109,22,-76,-78,-101,0,0,0,0,0,0,0,-1,0,0,0,0,0,0,0,-32,-21,-42,-41,-42,-53,-56,-31,-99,-74,-123,-135,-135,-131,-130,-120,-106,-118,-1118,-239,-242,0,-1135,0,-220,0,-1135,-1115]} 1. e4 c5 2. Nc3 Nc6 3. Bb5 Nd4 4. Nf3 g6 5. Bc4 Bg7 6. Nxd4 cxd4 7. Qf3 Nh6 8. d3 O-O 9. Ne2 Ng4 {B23: Closed Sicilian: Lines without g3.} 10. Bb3 (10. Qxg4 d5 $15) 10... d6 11. Qg3 a5 {Black wants to play ...a4.White has an edge.} 12. a4 Nf6 {[#]} 13. c3 $146 ({Predecessor:} 13. O-O Nd7 14. Bg5 Nc5 15. Qh4 Re8 16. Bd5 Be6 17. Bxe6 Nxe6 18. Bh6 Bf6 19. Qg3 {1-0 (60) Svidler,P (2727)-Leko,P (2741) Dortmund 2004}) 13... d5 14. f3 dxc3 15. bxc3 Qb6 16. Rb1 ({Reject} 16. Bxd5 Nxd5 17. exd5 Qc5 $17) 16... Qa6 17. Bc2 $1 (17. exd5 Qxd3 18. Rb2 Nxd5 $17) 17... Bd7 18. Nd4 (18. Be3 $11) 18... Rac8 $17 {And now ...dxe4 would win.} 19. Bd2 Qa7 (19... dxe4 $17 20. dxe4 Nd5 $1 {[%mdl 512]} 21. exd5 Bxd4 {[%mdl 64] Pin} 22. Bxg6 fxg6 23. cxd4 Rf5) 20. Nb5 (20. Ne2 $11) 20... Bxb5 21. Rxb5 {[#]} Nh5 ({Better is} 21... Nd7 $1 $17 22. d4 (22. Rxd5 $2 Bxc3 23. Qf4 Nf6 $19) 22... Bxd4 23. cxd4 (23. Rxd5 Bxc3 24. Qf2 Bxd2+ 25. Rxd2 Nc5 $17) 23... Rxc2) 22. Qf2 $11 Qxf2+ 23. Kxf2 Bxc3 24. Ke2 dxe4 25. fxe4 Bd4 26. Bb3 b6 27. Rb1 Nf6 28. e5 Ng4 29. Bf4 Rc5 30. Kf3 Nxe5+ 31. Ke4 $1 Nc6 32. Bd5 {Threatens to win with Rxc5.} e5 {[#]} 33. Bh6 (33. Bxe5 $1 $15 {[%mdl 512]} Bxe5 (33... Nxe5 34. Kxd4) 34. Rxc5 bxc5 35. Bxc6 Bxh2 36. Rb5) 33... Rc8 {Hoping for ...Rc2.} 34. Rxc5 Bxc5 35. Rf1 Rc7 36. Rf6 Nb4 37. Bc4 Rd7 38. Rf3 $2 {[%mdl 8192]} (38. g4 $17) 38... Nc6 $2 (38... Rd4+ 39. Ke3 Rxc4+ 40. Ke2 Rc2+ 41. Kf1 Ra2) 39. Bd5 $19 Nb4 $2 (39... Nd4 40. Rf1 Nf5) 40. Bc4 Nc6 $2 (40... Rd4+ 41. Ke3 Rxc4+ {[%mdl 64] Discovered Attack} 42. Ke2 Rc2+ 43. Bd2 Ra2) 41. Bd5 $1 {[%cal Rd5c6]} Nb4 $2 (41... Nd4 42. Rf1 Ne2) 42. Bc4 Rd4+ {Weighted Error Value: White=0.34/Black=0.84} 0-1

[Event "Colombia Tierra de Atletas-B 2020"]
[Site "Medellin"]
[Date "2020.12.17"]
[Round "10.1"]
[White "Heredia Serrano, Carla"]
[Black "Soto, Miguel Angel"]
[Result "1/2-1/2"]
[WhiteElo "2114"]
[BlackElo "2273"]
[Annotator "TA"]
[PlyCount "93"]
[EventDate "2020.12.10"]
[EventType "tourn"]
[EventCountry "COL"]
[SourceTitle "playchess.com"]
[Source "ChessBase"]
[SourceQuality "1"]

{[%evp 12,93,14,6,52,54,36,46,46,9,10,20,14,1,1,-5,0,0,0,0,0,0,41,-22,-22,-14,-8,-46,-18,-28,-29,-31,-38,-37,0,0,0,0,0,-20,-18,-23,-25,-79,-76,-85,-89,-88,-81,-83,-8,-9,0,-42,-42,-44,-44,-44,-44,-45,-20,-20,-20,-20,-15,-28,0,0,0,0,0,0,0,0,0,0,8,0,0,0,0,0,0,0]} 1. e4 c5 2. Nf3 d6 3. Bb5+ Bd7 4. Bxd7+ Qxd7 5. O-O Nc6 6. c3 Nf6 7. d4 e6 {7...cxd4 is a critical line. B52: Sicilian: Moscow Variation with 3...Bd7.} 8. d5 exd5 9. exd5 Ne7 {White is slightly better.} 10. c4 Ng6 11. Nc3 Be7 {[#]} 12. Qa4 $146 ({Predecessor:} 12. Re1 O-O 13. b3 Rfe8 14. Qc2 a6 15. a4 b6 16. h3 Bf8 17. Bg5 Be7 18. Qd3 {½-½ (36) Wolter,J (2400)-Kohlmann,A (2400) Germany 2019}) 12... Qxa4 13. Nxa4 b5 14. cxb5 Nxd5 15. Rd1 Nc7 16. Nc3 h6 17. Nd5 (17. a4 $14) 17... Nxd5 $11 18. Rxd5 a6 19. bxa6 Kd7 20. Be3 Rxa6 21. Rd2 {Black should prevent Bxc5.} Kc7 22. a3 Nh4 23. Nxh4 Bxh4 24. Rc1 Bg5 25. f4 Bf6 26. Kf2 Re8 27. Bd4 (27. Rcc2 $11) 27... Re4 $17 28. Be3 Ra8 29. Kf3 Rae8 30. Bf2 g5 (30... Ra4 $17 {White must now prevent ...Rb8.} 31. Rcd1 Ra6) 31. g3 $11 gxf4 {[%mdl 64] Remove Defender} 32. gxf4 {[#]} (32. b4 $5) 32... Rxf4+ $1 {[%mdl 576] Remove Defender} 33. Kxf4 {aiming for h4.} Bg5+ 34. Kf3 {Strongly threatening Re1.} Bxd2 $15 {[%mdl 4096] Endgame KRB-KRB} 35. Rc2 Bg5 36. b4 Ra8 37. bxc5 Rxa3+ 38. Kg2 Rd3 39. Bg3 {The position is equal.} f5 40. Bxd6+ Kc6 41. Rf2 Rd5 42. Rb2 Rd4 43. Rf2 f4 44. h4 Bxh4 45. Rxf4 Rxf4 46. Bxf4 Kxc5 47. Bxh6 {Weighted Error Value: White=0.10/Black=0.10} 1/2-1/2

[Event "Colombia Tierra de Atletas-B 2020"]
[Site "Medellin"]
[Date "2020.12.17"]
[Round "10.2"]
[White "Brizuela Abreu, Ronald Jesus"]
[Black "Morales, Jhon Alexander"]
[Result "1/2-1/2"]
[WhiteElo "2361"]
[BlackElo "2400"]
[Annotator "TA"]
[PlyCount "105"]
[EventDate "2020.12.10"]
[EventType "tourn"]
[EventCountry "COL"]
[SourceTitle "playchess.com"]
[Source "ChessBase"]
[SourceQuality "1"]

{[%evp 16,105,39,31,40,36,20,24,22,25,47,53,47,52,64,57,43,53,75,73,89,85,91,86,102,99,105,54,80,59,59,6,36,24,30,0,0,0,11,15,22,0,0,0,0,0,0,0,0,0,0,0,0,0,0,0,8,0,0,0,16,-10,-12,-607,-573,-919,-33,-35,-32,-32,-30,-25,-32,-175,25,0,0,0,0,0,0,0,0,0,0,0,0,0,0,0,0,0]} 1. c4 Nf6 2. Nc3 c5 3. Nf3 e6 4. g3 d5 5. cxd5 exd5 6. d4 Nc6 7. Bg2 cxd4 $1 {[%mdl 4] is currently scoring better than 7...Be7.} 8. Nxd4 Bc5 9. Nb3 Bb6 {D33: Tarrasch Defence: 6 g3 sidelines.} 10. O-O (10. Bxd5 Nb4 $11) 10... d4 11. Na4 O-O {White has an edge.} 12. Bg5 h6 13. Bxf6 Qxf6 14. Nxb6 axb6 15. Bxc6 bxc6 16. Qxd4 Qd8 17. Rfd1 Qc7 18. Qd6 Qb7 {[#]} 19. Nd4 $146 ({Predecessor:} 19. a3 c5 20. f3 Be6 21. Nd2 Rad8 22. Qe5 Rfe8 23. Qc3 Qa6 24. Kf2 Rd4 25. Ne4 {1-0 (62) Morefield,J (2227)-Srihari,L (2414) chess.com INT 2020}) 19... Re8 20. Rd2 c5 {[#]} 21. Nc2 (21. Nb5 $1 $16) 21... Ra4 22. b3 Rae4 23. f3 ({White should try} 23. Ne3 $14) 23... R4e5 (23... Rxe2 $2 24. Rxe2 Be6 25. f4 $18) 24. Qd3 Qa7 25. e4 f5 {[%cal Rf5e4]} 26. Qc4+ Kh8 {[%cal Rf5e4]} 27. Ne3 b5 28. Qe2 ({Wrong is} 28. Qxb5 $2 c4 $19) 28... c4 29. bxc4 bxc4 30. Qf2 c3 (30... fxe4 $5 31. f4 $8 (31. Nxc4 $2 e3 $19) 31... c3 $11) 31. Rc2 fxe4 32. f4 $1 {[%cal Rf4e5]} Rc5 33. Rac1 Bh3 34. Rxc3 Rxc3 35. Rxc3 Qd4 36. Rc1 Rb8 37. Rd1 Qc3 38. f5 Rb2 39. Qf4 $2 {[%mdl 8192]} (39. Qe1 $11 Qxe1+ 40. Rxe1) 39... Re2 $19 40. f6 {Threatening mate with Rd8+.} Qxf6 $2 ({But not} 40... Qxe3+ $2 41. Qxe3 Rxe3 42. f7 $18) (40... Rxe3 $19 41. Rf1 Bxf1 42. Qb8+ Kh7) 41. Qxf6 $15 gxf6 $19 {[%mdl 4096] Endgame KRB-KRN} 42. Nd5 {Black must now prevent Nf4.} Rg2+ 43. Kh1 Rxa2 44. Nxf6 (44. Nf4 $15 Bg4 45. Rc1) 44... Bg2+ $2 ({Better is} 44... e3 $19 45. Re1 Rf2) 45. Kg1 $11 {White wants to mate with Rd7.} Kg7 {The position is equal.} 46. Nh5+ Kf7 {aiming for ...Bf3.} 47. Nf4 Bf3 48. Rd7+ Kf6 {Strongly threatening ...e3.} 49. Rd6+ Kf5 50. Rd5+ Kg4 {( -> ...e3)} 51. Re5 Ra1+ 52. Kf2 {[%csl Gf4][%cal Rh2h3]} Ra2+ 53. Kg1 {Weighted Error Value: White=0.36/Black=0.28} 1/2-1/2

[Event "Colombia Tierra de Atletas-B 2020"]
[Site "Medellin"]
[Date "2020.12.17"]
[Round "10.3"]
[White "Argote Heredia, Valentina"]
[Black "Malka, Samuel"]
[Result "0-1"]
[WhiteElo "2150"]
[BlackElo "2203"]
[Annotator "TA"]
[PlyCount "64"]
[EventDate "2020.12.10"]
[EventType "tourn"]
[EventCountry "COL"]
[SourceTitle "playchess.com"]
[Source "ChessBase"]
[SourceQuality "1"]

{[%evp 22,64,19,35,12,29,19,11,22,20,21,28,23,-91,-95,-83,-97,-90,-86,-76,-87,-146,-138,-139,-135,-148,-154,-149,-154,-243,-248,-258,-258,-236,-202,-433,-283,-501,-500,-523,-514,-810,-401,-845,-850]} 1. e4 c5 2. Nf3 d6 3. d4 cxd4 4. Nxd4 Nf6 5. Nc3 g6 6. Be3 Bg7 7. f3 O-O 8. Qd2 Nc6 9. g4 Be6 10. Nxe6 fxe6 11. O-O-O Ne5 12. Be2 Qc8 {B76: Sicilian Dragon: Yugoslav Attack, 9 g4 and 9 0-0-0.} 13. h4 Nfd7 14. h5 Nc4 {The position is equal.} 15. Bxc4 Qxc4 16. hxg6 hxg6 17. Qh2 (17. f4 $11) 17... Rxf3 $17 18. Qh7+ Kf7 $1 19. Bh6 Rg8 $36 {[%cal Ba8g8,Bg8g7,Bg7g8][%mdl 2080] Black has strong initiative.} 20. Bxg7 Rxg7 21. Qh8 {[#]} (21. Qh4 $142) 21... Rg8 $1 {[%cal Rg8h8]} 22. Qh7+ {[#]} Kf8 $1 {[#]} 23. Rh3 $146 ({Predecessor:} 23. g5 b5 24. a3 Ne5 25. Nb1 Rf7 26. Qh3 Nf3 27. Nd2 Nxd2 28. Rxd2 Qxe4 29. Rd3 {0-1 (42) Martello,J (2220)-Simmelink,J (2315) Chessfriend.com 2003}) 23... Rf7 24. Qh6+ Ke8 25. Rhd3 (25. b3 $17 {was called for.} Qc5 26. Kb2) 25... Ne5 $19 26. Rd4 Qc5 ({Don't go for} 26... Nxg4 $2 27. Qg5 $18 (27. Rxc4 Nxh6 28. Rh1 Rh7 $11)) 27. Na4 Qa5 28. Kb1 $2 (28. Nc3 {is a better defense.}) 28... Nc6 29. Rc4 $2 (29. Qd2) 29... Qa6 30. b3 b5 $1 {[%csl LRa4,LRc4][%cal Bb7b5,Bb5c4][%mdl 32]} 31. Nc5 (31. Rxc6 $142 Qxc6 32. Nb2) 31... Qa5 (31... Qa3 $142 32. Nxe6 bxc4) 32. Nxe6 (32. Nb7 $142 Qa6 33. Rxc6 Qxc6 34. Na5 Qxe4 35. Qh1 Qxh1 36. Rxh1) 32... bxc4 {White did not feel at home in the position after the opening.  Weighted Error Value: White=0.82/Black=0.36} 0-1

[Event "Colombia Tierra de Atletas-B 2020"]
[Site "Medellin"]
[Date "2020.12.17"]
[Round "10.4"]
[White "Pazos Gambarrotti, Plinio"]
[Black "Palencia Morales, Wilson Guillermo"]
[Result "0-1"]
[WhiteElo "2109"]
[BlackElo "2340"]
[Annotator "TA"]
[PlyCount "81"]
[EventDate "2020.12.10"]
[EventType "tourn"]
[EventCountry "COL"]
[SourceTitle "playchess.com"]
[Source "ChessBase"]
[SourceQuality "1"]

{[%evp 19,81,-1,-1,0,0,1,11,0,6,0,0,-7,-10,-8,0,-16,-24,-12,-16,-56,-39,-37,-35,-44,-24,-34,-30,-54,-51,-74,-60,-79,-89,-70,-62,-63,-41,-110,-109,-112,-116,-114,-103,-97,-102,-104,-85,-146,-146,-198,-197,-191,-191,-227,-216,-280,-270,-310,-315,-597,-590,-590,-590,-3525]} 1. Nf3 Nf6 2. g3 d5 3. c4 e6 4. Bg2 c6 5. b3 Be7 6. O-O O-O 7. Bb2 b5 8. d3 a5 9. a3 Nbd7 10. Nbd2 Ba6 {is the legacy move (10...Bb7).} 11. Qc2 {A14: English Opening: 1...e6 with b3 by White.} Qb6 12. Rab1 {[#]} Rfd8 $146 ({Predecessor:} 12... Qb8 13. Nd4 Rc8 14. e4 Bf8 15. N4f3 dxe4 16. dxe4 e5 17. Ne1 Re8 {½-½ (17) Gisbrecht,E (2441)-Van den Doel,E (2609) Germany 2004}) 13. h3 {The position is equal.} Bd6 14. e4 dxe4 15. dxe4 {[#] Strongly threatening e5.} e5 16. Rfd1 Bc5 17. Nf1 bxc4 18. bxc4 Qc7 $1 19. Re1 Re8 20. Ne3 Nb6 21. Bf1 Nfd7 22. Bc3 Bc8 23. Bb2 f6 24. Nd2 a4 25. Ra1 Nf8 26. Nf3 Be6 27. Bc3 Qe7 28. Rab1 (28. Nf5 $15 Qc7 29. Bb4) 28... Bxe3 $17 29. Rxe3 Nxc4 30. Bxc4 Bxc4 31. Bb4 Qf7 32. Rc1 Bb5 33. Bxf8 (33. Nh4 $142) 33... Rxf8 34. Rc3 (34. Kg2 $17) 34... Rfd8 $19 35. Kg2 Rd6 36. Nd2 Rad8 37. Nc4 Rd4 38. Qe2 h6 39. R1c2 $2 {[#]} (39. Qa2 {was called for.}) 39... Kh8 40. Rc1 Rxc4 41. Ra1 {Weighted Error Value: White=0.27/Black=0.03} 0-1

[Event "Colombia Tierra de Atletas-B 2020"]
[Site "Medellin"]
[Date "2020.12.17"]
[Round "10.5"]
[White "Escobar Medina, Andres F"]
[Black "Mateus, Alejandro"]
[Result "0-1"]
[WhiteElo "2249"]
[BlackElo "2353"]
[Annotator "TA"]
[PlyCount "100"]
[EventDate "2020.12.10"]
[EventType "tourn"]
[EventCountry "COL"]
[SourceTitle "playchess.com"]
[Source "ChessBase"]
[SourceQuality "1"]

{[%evp 14,100,-26,-39,-15,-16,-4,-15,-18,-14,-8,-57,-10,-29,-25,-56,-45,-40,-8,-10,7,0,46,0,15,24,16,0,19,0,0,0,0,0,0,0,0,0,18,-56,0,-29,-31,-52,0,0,0,0,0,0,0,0,0,0,34,35,132,124,122,123,128,97,118,118,126,122,110,0,0,0,0,0,0,-778,-773,-967,-909,-1595,-1173,-29984,-29985,-29985,-29986,-29986,-29987,-29987,-29988,-29998,-29999]} 1. c4 c5 2. Nf3 Nc6 3. g3 g6 4. d4 cxd4 5. Nxd4 Bg7 6. Nc2 d6 $1 {6...d6 is better than 6...Nf6.} 7. Bg2 Be6 8. Ne3 Nf6 {A30: Symmetrical English: Double Fianchetto and Hedgehog.} 9. O-O Qd7 10. Nc3 Bh3 {[#] The position is equal.} 11. Ncd5 $146 {And now Bxh3 would win.} ({Predecessor:} 11. Bd2 Rc8 12. Rc1 h5 13. f3 Bxg2 14. Nxg2 {½-½ (14) Kindler,K (2091)-Naundorf,M (2146) Untergrombach 2017}) 11... Bxg2 12. Kxg2 h5 13. Nxf6+ Bxf6 14. f3 h4 {Strongly threatening ...hxg3.} 15. g4 Rc8 16. Rb1 Bg7 17. b3 Kf8 18. Bb2 Qe6 19. Bxg7+ Kxg7 20. Nd5 Qe5 21. Qd3 e6 22. f4 Qd4 $1 23. Nb4 h3+ 24. Kg3 Qf6 25. Nxc6 Rxc6 26. e4 (26. g5 $11 Qe7 27. e3) 26... Qh4+ 27. Kf3 Rhc8 28. a4 Kg8 ({Better is} 28... a6 $15) 29. Rbd1 $11 a6 30. a5 $1 Qd8 31. Qd2 b5 32. axb6 $1 Qxb6 33. Qe3 Qb7 34. Kg3 d5 (34... a5 $14) 35. exd5 $16 exd5 36. Rxd5 Re6 37. Qf3 {Rd8+! is the strong threat.} Rce8 {[#] Hoping for ...Re3.} 38. Re5 $1 ({Don't blunder} 38. Kxh3 $2 Re3 $19) 38... Qc7 39. Rxe6 ({But not} 39. Kxh3 $6 Rxe5 40. fxe5 Rxe5 $11) 39... Rxe6 40. Kxh3 {[%mdl 4096] Endgame KQR-KQR} ({White should play} 40. Qa8+ $16 Kg7 41. Qd5 (41. Kxh3 Re3+ 42. Kg2 Qb6 $11)) 40... Qb6 $1 $36 {[%mdl 2048] Black is more active.} 41. Qg3 {aiming for f5.} Re3 42. Rf3 Re2 {Threatens to win with ...Qd4.} 43. Rd3 $2 {[%mdl 8192]} (43. c5 $11 Qxc5 44. f5) 43... Qf6 $19 44. Qg1 Qxf4 45. Rd8+ Kh7 46. Rd3 f5 {Black mates.} 47. Rd7+ Kg8 48. Rd8+ Kf7 49. Rd7+ Ke8 50. Rd3 {[#]} Rxh2+ $1 {[%mdl 512] Weighted Error Value: White=0.54/Black=0.13} 0-1